| 000 | 01022cam a2200133 4500500 | ||
|---|---|---|---|
| 005 | 20251012002137.0 | ||
| 041 | _afre | ||
| 042 | _adc | ||
| 100 | 1 | 0 |
_aMichaud, Yves _eauthor |
| 245 | 0 | 0 | _aL'Individu dans la société d'aujourd'hui : N°8 |
| 260 |
_bOdile Jacob,
_c2002. |
||
| 520 | _aLes grandes questions humaines d'aujourd'hui : la mondialisation et les identités culturelles, la montée du religieux, l'illettrisme, l'individualisme, la drogue. L'Université de tous les savoirs : une approche contemporaine des différents domaines de la connaissance dans un esprit qui est à la fois celui du bilan encyclopédique et celui du questionnement d'avenir.Contributions notamment d'Alain Ehrenberg, François Ewald, Élisabeth de Fontenay, Claude Habib, Danièle Hervieu-Léger, Bernard Lahire, Tobie Nathan, Alina Reyes, Giulia Sissa, Jean-Didier Urbain, Georges Vigarello. | ||
| 856 | 4 | 1 | _uhttps://shs.cairn.info/l-individu-dans-la-societe-d-aujourd-hui--9782738110824?lang=fr&redirect-ssocas=7080 |
| 999 |
_c1512947 _d1512947 |
||